Normal view
MARC view
- Hansen , Bertrand. L ,Ghare , Prabhakar . M
Entry Personal Name
001 - CONTROL NUMBER
- control field: 59052
003 - CONTROL NUMBER IDENTIFIER
- control field: NUST
005 - DATE AND TIME OF LATEST TRANSACTION
- control field: 20210628202246.0
008 - FIXED-LENGTH DATA ELEMENTS
- fixed length control field: 210628|| aca||aabn | a|a d
040 ## - CATALOGING SOURCE
- Original cataloging agency: NUST
- Transcribing agency: NUST
100 ## - HEADING--PERSONAL NAME
- Personal name: Hansen , Bertrand. L ,Ghare , Prabhakar . M
670 ## - SOURCE DATA FOUND
- Source citation: Work cat.: (NUST): Hansen , Bertrand. L ,Ghare , Prabhakar . M, Quality control and application, 2004
